Normal view
MARC view
Entry Personal Name
001 - CONTROL NUMBER
- control field: 209
003 - CONTROL NUMBER IDENTIFIER
- control field: PK-LaUMT
005 - DATE AND TIME OF LATEST TRANSACTION
- control field: 20240709112945.0
008 - FIXED-LENGTH DATA ELEMENTS
- fixed length control field: 240709|| aca||aabn | a|a d
040 ## - CATALOGING SOURCE
- Original cataloging agency: PK-LaUMT
- Transcribing agency: PK-LaUMT
100 ## - HEADING--PERSONAL NAME
- Personal name: ASAD MUHAMMAD
670 ## - SOURCE DATA FOUND
- Source citation: Work cat.: (PK-LaUMT)134401: ASAD MUHAMMAD , An Empirical Assessment of the Influence of Job Security and Employee Rewards on Organization Performance [BS Public Administration], 2024
